Normal view
MARC view
- Dr Sajeena S
Entry Personal Name
001 - CONTROL NUMBER
- control field: 5346
003 - CONTROL NUMBER IDENTIFIER
- control field: OSt
005 - DATE AND TIME OF LATEST TRANSACTION
- control field: 20221202113513.0
008 - FIXED-LENGTH DATA ELEMENTS
- fixed length control field: 221202|| aca||aabn | a|a d
040 ## - CATALOGING SOURCE
- Original cataloging agency: OSt
- Transcribing agency: OSt
100 ## - HEADING--PERSONAL NAME
- Personal name: Dr Sajeena S
670 ## - SOURCE DATA FOUND
- Source citation: Work cat.: (OSt)17602: ANU MOHAN, S HASHIFA, P MUHAMMED MISBAH, P NAJA RAHMAN, K 5345, PERFORMANCE EVALUATION OF RAINHOSE IRRIGATION SYSTEM, 2022
